Le Théatre à Rome: Extrait des Latins par Ch. Georgin

Gespeichert in:
Bibliographische Detailangaben
1. Verfasser: Georgin, Ch Editor.
Weitere Verfasser: Plaute, Térence y Sénèquees
Format: keine Angabe
Sprache:Spanisch
Erschienen: Paris Librairie A Hatier s f
Katalog:MANES:  Suchergebnis im Bibliothekskatalog
Schulbuchspezifische Eigenschaften:
Schriftenreihe:Les classiques por tous
Tags: Tag hinzufügen
Keine Tags, Fügen Sie den ersten Tag hinzu!
Hinzugefügt zu:26.04.2016

MARC

LEADER 000000000a22000000004500
001 36633
003 OSt
008 160427s sp ||||| |||| 00| 0 spa d
040 |a manes  |c manes 
100 1 |a Georgin, Ch  |b Editor.  |9 19923 
700 1 |a Plaute, Térence y Sénèquees  |9 19927 
245 0 0 |a Le Théatre à Rome: Extrait des Latins par Ch. Georgin 
260 3 |a Paris  |b Librairie A Hatier  |c s f 
300 |a 64 p.  |c 17,5x11 cm 
440 |a Les classiques por tous  |9 19928 
500 |a Signatura Topográfica: 1852-1 hasta 1852-4. 4 ejemplares. 
942 |2 ddc  |c BK 
546 |a España 
999 |c 41365  |d 41365 
999 |c manes:41365  |d 41365